02799nam a2200337 i 4500001000700000003000900007005001700016008004100033015001000074017005200084020001800136035002100154035002300175040002900198080003400227100004500261245022100306250002800527264004000555300009000595336002200685337003000707338002400737500009300761504003800854520128600892610005302178651007502231700003702306852011802343196208ES-MaACL20260216183928.0240818s2020 sp a | |||| 000 0 spa  aMON20 aCC 325-2020bOficina Depósito Legal Cáceres a9788417132965 a(SpMaBN)a6802730 a991031848649708606 aSpMaBNbspacSpMaBNerda a728.81(460.251 Trujillo)(091)1 aRamos Rubio, José Antonio,d1963-eaut13aEl Palacio de Luis de Chaves de Trujillo :bsímbolo de la unidad nacional / cJosé Antonio Ramos Rubio, cronista oficial de Trujillo ; incluye la leyenda El medallón de los Deseos por Florentino Escribano Ruiz. aPrimera edición: 2020 1aCáceres :bTau Editores,c[2020]. a193 páginasbilustraciones (blanco y negro y color), planos (blanco y negro)c21 cm aTexto2rdacontent asin mediación2rdamedia avolumen2rdacarrier aIncluye (páginas 151-192): El medallón de los deseos / por Florentino Escribano Ruiz aBibliografía: páginas 119-124 aEste edificio trujillano, que marca la antesala de la Villa, es uno de los mejores ejemplos de la arquitectura civil castellana de la Baja Edad Media. Aquí estuvieron alojados los Reyes Católicos en todas las ocasiones en las que visitaron y residieron largas temporadas en Trujillo. Luis de Chaves mantenía una larga relación de amistad con Isabel la Católica, y se posicionó sin dudarlo a su favor en la guerra sucesoria contra Juana "la Beltraneja". En estas luchas, Luis de Chaves perdió a dos hijos. Su lealtad fue largamente recompensada. Además, en este palacio Isabel la Católica firmó el Tratado de Alcaçobas, que ponía fin a la guerra sucesoria y, por ende, a la guerra con Portugal. Fueron muchas las honrosas distinciones otorgadas a Trujillo, Capital de Extremadura en aquel entonces, recogidas en los documentos que atesoran el rico Archivo Municipal trujillano y el Histórico Nacional de Madrid. En el año 1479, la Reina Isabel fundó en Trujillo la Santa Hermandad, para combatir el pillaje y el latrocinio, muy extendido en aquellos tiempos. Durante el reinado de los Reyes Católicos, la ciudad alcanzó su mayor esplendor, grandeza y universalidad, en una época en la que la ciudad era la capital de la provincia de Extremadura. 0aPalacio de Luis de Chaves (Trujillo)- vHistoria 0aTrujillo (Cáceres)- xEdificios, estructuras, etc.- xRestauración aEscribano Ruiz, Florentino eaut aES-MaACLbR.152992cDEPOJjN-9283hDonación: José Antonio Ramos RubioxEncuadernación rústica con solapas